FOOTBALL - Compos France vs Argentine (4-3) CDM 2018 - Statistiques

Statistiques générales
  • Ce quiz a été pris 95 fois
  • Le résultat moyen est 17 sur 30
Statistiques - réponses
Équipe Poste Réponse % Correct
France Gardien de But Hugo Lloris
99%
France Ailier droit Kylian Mbappé
99%
France Latéral gauche Lucas Hernandez
94%
France COACH Didier Deschamps
93%
France Buteur Olivier Giroud
92%
France Milieu offensif central Antoine Griezmann
91%
France Défenseur central Raphaël Varane
91%
France Latéral droit Benjamin Pavard
90%
Argentine Buteur Lionel Messi
88%
France Milieu central N'Golo Kanté
88%
France Milieu central Paul Pogba
87%
France Défenseur central Samuel Umtiti
81%
France Ailier gauche Blaise Matuidi
79%
Argentine Ailier gauche Ángel Di María
77%
France Remplaçant (Milieu) Corentin Tolisso
63%
Argentine Remplaçant (Attaquant) Sergio Agüero
56%
France Remplaçant (Milieu) Nabil Fékir
53%
France Remplaçant (Attaquant) Florian Thauvin
52%
Argentine Défenseur central Nicolás Otamendi
47%
Argentine Milieu central Javier Mascherano
41%
Argentine Latéral gauche Nicolás Tagliafico
38%
Argentine Défenseur central Marcos Rojo
24%
Argentine Latéral droit Gabriel Mercado
21%
Argentine COACH Jorge Sampaoli
20%
Argentine Milieu central Éver Banega
17%
Argentine Gardien du but Franco Armani
15%
Argentine Ailier droit Cristian Pavón
6%
Argentine Milieu central Enzo Pérez
6%
Argentine Remplaçant (Attaquant) Maximiliano Meza
5%
Argentine Remplaçant (Défenseur) Federico Fazio
3%
Aucun quiz correspondant
Distribution des résultats
% des personnes avec chaque résultat
Percentile par nombre de réponses
Votre historique - résultats
Vous n’avez pas pris ce quiz